01634nam a2200385 i 4500001000700000003000900007005001700016007000300033008004100036016003100077017005000108020003600158024002100194035002100215035002700236035002300263040002900286080003100315100004400346245011100390260008400501300006500585336002200650337003000672338002400702600005500726655004800781710004400829710005000873852011800923903004601041942001801087999001901105952012401124197628ES-MaACL20250811062539.0ta970912s1986 sp a ||| ||spa 7 abimoBNE199715627902SpMaBN aM 14247-1986bOficina Depósito Legal Madrid a8450534399qEdición rústica a301860619 (NIPO) a(OCoLC)433790924 a(SpMaBN)Mimo0000675289 a991056660659708606 aSpMaBNbspacSpMaBNerdc a75 Monet, Claude (083.824)1 aMonet, Claude, d1840-19269240987eill10aClaude Monet (1840-1926) : bMuseo Español de Arte Contemporáneo, Madrid, 29 de abril-30 de junio 1986 a[Madrid]bMinisterio de Cultura : Fundación para el Apoyo de la Culturac1986 a549 páginasbilustraciones a color y blanco y negroc28 cm 2rdacontentatexto 2rdamediaasin mediación 2rdacarrieravolumen aMonet, Claude, d1840-1926- vExposiciones9240988 72tgfbne9193628aCatálogos de exposiciones1 aEspaña. bMinisterio de Cultura938500 aFundación para el Apoyo de la Cultura94380 aES-MaACLcDEPO1jA-15716hDonación: Fernando Codina RodríguezxEncuadernación rústica con solapas9206074 aCodina Rodríguez, Fernandoednr9238631 n0cMONOGRAFIA c197628d197628 00102udc4070aATENEOMbATENEOMcDEPO1d2025-06-24eDONACIONl0oA-15716r2025-06-24 00:00:00w2025-06-24yMONOGRAFIA